000 02453nam0a2200325 4500
001 RU\NLR\BIBL_A\021990577
005 20230829182336.0
010 _a978-5-907655-34-8
_9300
021 _aRU
_bКН-П-23-039659
_9КН-П-23-3953
035 _a(NLR Aleph) 021990577
035 _a(RuMoRGB)011863660
090 _a12426208
_c12426208
100 _a20230728d2023 u y0rusy50 ca
101 0 _arus
102 _aRU
105 _aa j 000zy
181 0 _ai
_baxxe
182 0 _an
200 1 _aТехнологические основы искусства художественного гравирования
_eучебное наглядное пособие для практических занятий
_eдля студентов, обучающихся по направлению подготовки 44.03.05 "Педагогическое образование" (с двумя профилями подготовки - Изобразительное искусство и дополнительное образование в области декоративно-прикладного искусства)
_fН. В. Григорьева
_gМинистерство просвещения РФ, Федеральное государственное бюджетное образовательное учреждение высшего образования "Липецкий государственный педагогический университет имени П. П. Семенова-Тян-Шанского", Институт культуры и искусства, Кафедра изобразительного, декоративно-прикладного искусства и дизайна
203 _aТекст
_bвизуальный
_cнепосредственный
210 _aЛипецк
_cЛГПУ им. П. П. Семенова-Тян-Шанского
_d2023
215 _a70 с.
_cил., цв. ил.
_d20
320 _aБиблиогр.: с. 59 (13 назв.)
606 1 _aХудожественная гравировка на металле
_jУчебные издания
_92376458
_3RU\NLR\AUTH\6601639444
686 1 _aЩ125.408.04я7
700 1 _7ca
_8rus
_aГригорьева
_bН. В.
_cканд. пед. наук
_gНаталья Викторовна
_951315
_3RU\NLR\AUTH\7768387
942 _cBOOK
980 _aNB